000 01015nam a22002537a 4500
005 20240530110904.0
008 220214s2008 ua g 000 0 ara d
017 _bمصر. دار الكتب
_a2008/19708
040 _aEG-CaGPL
_cEG-CaGPL
082 0 4 _221
_a323.34 /
_bا ح
100 0 _aالحبيب الحمدونى
245 1 0 _aحقوق الانسان للنساء بين الاعتراف الدولى وتحفظات الدول العربية /
_cالحبيب الحمدونى ، حفيظة شقير
250 _aط. 1
260 _aالقاهرة :
_bمركز القاهرة لدراسات حقوق الانسان ،
_c2008
300 _a186 ص. ؛
_c20 سم
490 0 _aتعليم حقوق الانسان ؛
_v20
650 0 7 _2qrmak
_aحقوق المراة
650 0 7 _aالمراة
_2qrmak
653 0 _aالتمييز ضد النساء
700 0 _aفريدة النقاش
_eمقدم
700 0 _aحفيظة شقير
942 _2ddc
_cBK
999 _c66180
_d66180